| 000 | 00604nam a2200181 a 4500 | ||
|---|---|---|---|
| 001 | 000043894 | ||
| 005 | 20201002045031.0 | ||
| 008 | 140508s2009 sp 000 0 spa d | ||
| 020 | _a9788483471098 | ||
| 040 |
_aDO-SdBNP _bspa _cBNPHU |
||
| 100 | 1 |
_aEspinosa, Ricardo _971789 |
|
| 245 | 1 | 3 |
_aEl decir de las palabras : _bRicardo Espinosa. |
| 260 |
_aMadrid : _bAgencia Española de Cooperacional para el Desarrollo, _c2009. |
||
| 300 |
_a169 p. ; _c19 cm. |
||
| 490 | 1 | _aEspañol urgente | |
| 500 | _aIncluye datos biográficos del autor en la solapa de la cubierta | ||
| 830 | 0 |
_aEspañol urgente _969551 |
|
| 999 |
_c43383 _d43383 |
||